Behind The Big News: Propaganda and the CFR (Record no. 333527)
[ view plain ]
| 000 -LEADER | |
|---|---|
| fixed length control field | 00573nam a2200097Ia 4500 |
| 008 - FIXED-LENGTH DATA ELEMENTS--GENERAL INFORMATION | |
| fixed length control field | 170517s9999 xx 000 0 und d |
| 245 ## - TITLE STATEMENT | |
| Title | Behind The Big News: Propaganda and the CFR |
| 300 ## - PHYSICAL DESCRIPTION | |
| Extent | The executives, the editors in print media, the senior producers, executive producers in the visual media – these are the people who have the ideological bias and what’s probably almost as important – their personal friendships. They go to the same country clubs,... |
| 650 ## - SUBJECT ADDED ENTRY--TOPICAL TERM | |
| General subdivision | Media. |
| 856 ## - ELECTRONIC LOCATION AND ACCESS | |
| Uniform Resource Identifier | <a href="http://topdocumentaryfilms.com/behind-the-big-news-propaganda-and-the-cfr/">http://topdocumentaryfilms.com/behind-the-big-news-propaganda-and-the-cfr/</a> |
| Withdrawn status | Lost status | Damaged status | Home library | Current library | Date acquired | Total Checkouts | Date last seen | Price effective from | Koha item type |
|---|---|---|---|---|---|---|---|---|---|
| College Library | College Library | 05/17/2017 | 05/17/2017 | 05/17/2017 | Documentary Films |